000 00959nam a2200265 4500
001 12427
003 ES-MaACL
005 20250829062526.0
007 t|
008 000000s19850000sp a ||||0| spa d
016 7 _zIBH8605111577
020 _a84-505-2410-5
040 _aIBH
_bspa
_cM-BN-DP
080 _a37(462.22 Mérida)"18"
100 1 _aPulido Romero, Máximo.
_994378
245 1 3 _aLa escuela pública emeritense en el siglo XIX /
_cMáximo Pulido Romero.
260 _aMérida :
_bPatronato de la Biblioteca Municipal : Universidad Nacional de Educación a Distancia,
_cD.L. 1985.
300 _a245 p :
_bil ;
_c24 cm.
504 _aBibliografía: p. 195-196.
650 1 4 _aEnseñanza-
_zMérida
_912294
710 2 _aBiblioteca Pública Municipal (Mérida).
_bPatronato.
_92205
710 2 _aUniversidad Nacional de Educación a Distancia (España)
_97405
852 _aES-MaACL
_jL-19696
_bR.123644
999 _c12427
_d12427